000 00283nam a2200133 4500
008 190122s ||||xo d
100 1 _aAnderová Romana
_9801
245 1 0 _aBiológia 1
250 _a1. vydanie
020 _c0
041 1 _aslo
044 _axo
_cSK
958 _aAPR
999 _c22007
_d22007